000 00266nam a2200109 a 4500
005 20200930073705.0
008 111004s1993 000 spa d
020 _a0135881870
245 0 _aSistemas oerativos modernos.
260 _aToronto,
_c1993.
999 _c33910
_d33910
040 _aDO-SdBNP